00566 2200205 4500001002100000005001500021035002000036001002100056005001500077035002000092245007700112100001500189250001700204300003400221260003100255082001100286084001700297020002200314650002400336INLIS00000000000104720250430084713 a0010-0425000042INLIS00000000000046420240702092156 a0010-07240000191 aSejarah Kebudayaan Islam 4 :bKelas VI Madrasah Ibtidaiyah /cUbaedillah0 aUbaedillah acetakan ke-1 ax, 142 hlm :bilus ;c25,5 cm aBogor :bYudhistira,c2020 a297.09 a297.09 UBA s a978-623-257-000-9 4aBuku Teks Pelajaran